000 00548nam a2200217Ia 4500
003 OSt
005 20220926045235.0
006 a|||||r|||| 00| 0
007 ta
008 220923b |||||||| |||| 00| 0 eng d
037 _cGeneral Book
040 _aRTL
_cRTL
_beng
041 _2eng
_aeng
082 _aX:9.435r, J6
110 _aMalaya, Labour (Deptt.)
_9349978
245 0 _aAnnual Report
260 _c1956
700 _aMalaya, Labour (Deptt.)
_9349979
942 _hX:9.435r, J6
_cGB
_2CC
999 _c677079
_d677079